• 首页
  • 本馆介绍
  • 公告通知
  • 最新文献
  • 馆藏检索
  • 电子资源
  • 读者荐购
  • 参考咨询
  • CALIS
  • 我的图书馆
  • 登录
  • 详细信息显示
  • 放入我的书架
  • 预约/预借图书
  • 作者相关作品
  • 分类相关作品
  • 丛书相关作品
  • 出版社相关作品

书目信息

  • 表格格式
  • 工作单格式
  • 卡片格式
题名:
Visual Basic 6.0实例较程
    
 
作者: 门槛创作室 编著
分册:  
出版信息: 北京   电子工业出版社  1999.04
页数: 318页
开本: 16开
丛书名:
单 册:
中图分类:
科图分类:
主题词: 软件
电子资源:
ISBN: 7-5053-5234-2
 
 
 
 
 
000 00601nam0 2200205 45
001 9911041018
005 19991104100523.6
010    @a7-5053-5234-2@d28.00元
100    @a19991104d1999 km y0chiy0120 ea
101    @achi
105    @a z 000yy
200 1  @aVisual Basic 6.0实例较程@AVisual Basic 6.0 Shi Li Jiao Cheng@f门槛创作室编著@FMen Kan Chuang Zuo Shi Bian Zhu
210    @a北京@c电子工业出版社@d1999.04
215    @a318页@d16开
606 0  @a软件
690    @v3
690    @aTP311.13
701    @a门槛创作室@4编著
801    @aCN@bPFTUser@c19991104
905    @f3@b42705-707@dTP311.13@eM:114
    
    Visual Basic 6.0实例较程/门槛创作室编著.-北京:电子工业出版社,1999.04
    318页;16开
    
    
    ISBN 7-5053-5234-2:28.00元
    
●
相关链接 在E读中查询图书 在当当中查询图书 在豆瓣中查询图书


正题名:Visual Basic 6.0实例较程     索取号:TP311.13/M:114         预约/预借

序号 登录号 条形码 馆藏地/架位号 状态 备注
1 42682   200426823   期刊室512/301自科库 40排2列5层/ [索取号:TP311.13/M:114] 在馆    
2 42683   200426832   自科库301/ [索取号:TP311.13/M:114] 在馆    
3 42684   200426841   自科二线504/504自科库 7排1列1层/ [索取号:TP311.13/M:114] 在馆    
4 42705   200427056   自科二线504/504自科库 3排3列5层/ [索取号:TP311.13/M:114] 在馆    
5 42706   200427065   期刊室512/301自科库 40排2列5层/ [索取号:TP311.13/M:114] 在馆    
6 42707   200427074   自科二线504/504自科库 2排3列1层/ [索取号:TP311.13/M:114] 在馆    
7 46355   200463550   自科二线404/404自科库 11排5列4层/ [索取号:TP311.13/M:114] 在馆    
8 46356   200463569   自科二线504/504自科库 7排1列2层/ [索取号:TP311.13/M:114] 在馆    
河南城建学院图书馆 欢迎您!
大连网信软件有限公司© 版权所有